| 000 | 00593nam a2200169 i 4500 | ||
|---|---|---|---|
| 001 | 30823 | ||
| 003 | ES-MaACL | ||
| 005 | 20230906154247.0 | ||
| 007 | t| | ||
| 008 | 030127s1940 sp ||||1| spa d | ||
| 100 | 1 |
_aBartolomé y Relimpio, Jesús de. _926178 |
|
| 245 | 1 | 0 |
_aEstudio médico-legal de la Pasión de Jesucristo / _cpor Jesús de Bartolomé y Relimpio ; prólogo d Enrique Suñer y Ordoñez. |
| 260 |
_aMadrid : _b[s.n., _c1940] ( _fSucesores de Rivadeneyra) |
||
| 300 |
_a159 p. ; _c24 cm. |
||
| 700 | 0 |
_aSuñer Ordóñez, Enrique. _9108797 |
|
| 852 |
_aES-MaACL _jA-5171 _bR.18118 |
||
| 999 |
_c30823 _d30823 |
||